| 000 | 00755nam a22001937a 4500 | ||
|---|---|---|---|
| 005 | 20180701132407.0 | ||
| 010 | _aB-218452 | ||
| 020 |
_a8176465593 _c300.00 |
||
| 035 | _aB-218452 | ||
| 037 | _bB.R. Publishing Corporation. | ||
| 082 | _a020 | ||
| 100 | _aP.S.G.,Kumar | ||
| 245 |
_aA student's manual of library and information science: _bon the line of the NET syallbus of UGC _cby P.S.G. Kumar |
||
| 260 |
_aDelhi _bB.R. Publishing Corporation. _c2006 |
||
| 270 |
_a425, Nimri Colony, Ashok Vihar,Phase-1V, Delhi-110052 _bDelhi _e110052 |
||
| 300 |
_a1023p. _c21cm(pb) |
||
| 942 |
_2ddc _cEN _h020 _mKUM |
||
| 999 |
_c153027 _d153027 |
||